000 00436nam a2200181Ia 4500
001 5104
005 20260306145843.0
008 260306t2019||||xx |||||||||||||| ||spa||
041 _aESP
082 _a333.0985
_bL98
100 _aLuna, Pablo F.,
_eAUT
245 0 _aHaciendas en el mundo andino, siglos XVI-XX
260 _c2019
300 _a253 páginas :
_c24 cm.
650 _aGEN
654 _aCAN
942 _cLIB
_dJUS
_fJUS
_2ddc
_n
999 _c5104
_d5104